00637nam a2200193Ia 4500008004100000020001300041082001600054100002300070245004700093250000700140260003600147300003000183500001900213600002100232650005000253942000700303952011800310999001500428240925s9999 xx 000 0 und d a72131551 a005.432 WAT aWatters ,Paul A. 0aSoloris Administration: a beginners guide  aNA aNew York:bMc Graw HIllc,2001. axxiv,407p.bNAfPhotocopy aIncludes Index aComputer Science aComputer science, information & general works cBK 011040708CSaUITUbUITUd2002-09-17eF.B.Cg400.00l0o005.432 WATpQ4626r2024-09-25 07:13:34w2024-09-25yBK c7125d7125